1734 1295 1796 1544 1678 1364 1553 1482 1177 1774 1842 1252 1686 1786 1175 1081 1162 1803 1244 1756 1523 1991 1271 1234 1572 1265 1521 1747 1405 1810 1837 1488 1268 1958 1637 1435 1833 1236 1899 1551 1480 1884 1334 1207 1162 1318 1909 1999 1097 1690 1670 1895 1551 1605 1602 1920 1973 1082 1434 1045 1307 1596 1170 1392 1551 1001 1207 1722 1027 1207 1483 1712 1931 1763 1085 1961 1173 1608 1150 1612 1082 1921 1510 1047 1970 1168 1382 1910 1675 1677 1481 1152 1192 1999 1760 1042 1225 1131 1607 BCNSPRNW ULIB Ver.6.0+V

เปลี่ยนเป็นภาษาไทย

Change to English
 แสดงรายละเอียดบรรณานุกรม
  กลับหน้าหลัก

Brief Record : Get Marc (ISO 2709) : E-mail record : QR code < ปิดหน้าต่าง
LEADER : 00000nam 2200000uu 4500
001    13399114289
003     ULIB
008    120321s2553||||th 000 0 tha d
020    ^a9786167134468
050  4 ^aBQ4190^bว111ธ
100 0  ^aว.วชิรเมธี
245 10 ^aธรรมะมหาสนุก ชุด ธรรมะมาดี /^cว.วชิรเมธี
250    ^aพิมพ์ครั้งที่ 1
260    ^aกรุงเทพฯ :^bสุขสว่าง,^c2553
300    ^a128 หน้า :^bภาพประกอบสี ;^c17 ซม.
650  4 ^aการดำเนินชีวิต
650  4 ^aธรรมะ
650  4 ^aการ์ตูน
945    ^p119^l0^i18953
995    ^aกัณชพร
999    ^aใช้งานได้ทุกระบบ
รายการนี้ยังไม่มีแท็ก
คุณยังไม่ได้ล็อกอิน คุณสามารถมีกิจกรรมร่วมกับเว็บไซต์ได้ แต่ต้องล็อกอินก่อน ::
  ล็อกอิน

รายการสื่อสารสนเทศ

ลำดับที่ ประเภท เลขเรียก/บาร์โค้ด สถานที่ สถานะ
- ไม่พบข้อมูล -

รายการใกล้เคียง
    ผู้แต่ง [ว.วชิรเมธี]

    หัวเรื่อง [การดำเนินชีวิต]
    หัวเรื่อง [ธรรมะ]
    หัวเรื่อง [การ์ตูน]

BibComment


ยังไม่เคยถูกคอมเมนท์

คอมเมนท์ทรัพยากรรายการนี้
  คอมเมนท์: ธรรมะมหาสนุก ชุด..


 Copyright 2026. Bcnsprnw @Library